so american - Olivia Rodrigo - Statistics

General Stats
  • This quiz has been taken 61 times
  • The average score is 235 of 293
Answer Stats
Hint Answer % Correct
I
100%
a
97%
And
97%
and
97%
He
97%
he
97%
I'm
97%
says
97%
go
95%
american
92%
so
92%
all
89%
at
86%
him
86%
If
86%
if
86%
it
86%
jokes
86%
keeps
86%
my
86%
the
86%
The
86%
this
86%
up
86%
God
84%
he's
84%
it's
84%
It's
84%
laughs
84%
love
84%
love?
84%
make
84%
Oh
84%
on
84%
on)
84%
road
84%
shit
84%
To
84%
to
84%
be
81%
just
81%
marry
81%
not
81%
right
81%
gonna
78%
in
78%
might
78%
pretty
78%
side
78%
clothes
76%
cold
76%
goes
76%
got
76%
hands
76%
his
76%
me
76%
seem
76%
that
76%
wearin'
76%
wish
76%
dashboard
73%
Verse 1 Drivin'
73%
fair
73%
feel
73%
wrote
73%
like
70%
much
70%
poem
70%
rude
70%
Chorus When
70%
when
70%
anywhere
68%
Can't
68%
conversation
68%
Feet
68%
hell
68%
of
68%
you
68%
about
65%
boring
62%
have
62%
way
62%
but
59%
But
59%
dress
59%
with
59%
books
57%
read
57%
ever
54%
hard
54%
bed
51%
I'll
51%
man
51%
really
51%
sleep
51%
apologize
46%
too
46%
little
43%
soon
43%
Think
43%
assume
35%
don't
35%
come
32%
stuff
32%
wanna
32%
were
32%
ain't
30%
Stop
22%
Outro (Okay
11%
No matching quizzes found
Score Distribution
Percent of People with Each Score
Percentile by Number Answered
Your Score History
You have not taken this quiz